Quizzes
Events
Quiz Creation
Community
Videos
Private Events
Remove Ads
Sign In
Join for FREE
Feedback
Dark Mode
Quiz Categories
Sports
Geography
Music
Movies
Television
Just For Fun
Miscellaneous
History
Literature
Language
Science
Gaming
Entertainment
Religion
Holiday
For Kids
Quiz Lab
Recent
Popular Today
Quiz Kudos Today
Editor Picks
Curator Picks
Quizzes by...
Day
Popularity
Type
Ratings
Length
Year
Community
Subscriptions
Recent Discussions
Orange Saloon
Badges
Playlists
Quests
Create
Leaderboards
Showdown
Live 5
Trivia Bingo
Activity
Puzzle Library
Sporcle Events
Private Events
Virtual Trivia
Globe League
Become a Host
Pub Owners
SporcleCon
Opinionation
Our Games
Videos
Blog
Mobile Apps
Partnerships
Remove Ads and Go Orange
Feedback
Music
Pop Music
The Beatles
Song
Album
Lyrics
Bands
Singers
Artist
Clip
Rock
Rap
Classical
Billboard
Country Music
Kpop
Taylor Swift
Music
Pop Music
The Beatles
Song
Album
Lyrics
Bands
Singers
Artist
Clip
Rock
Rap
Classical
Billboard
Country Music
Kpop
Taylor Swift
Random Quiz
Search Sporcle
×
Quiz Lab
Quiz Lab
Music
direction
Type in answers that appear in a list
Type in answers that appear in a list
Classic
Best Score? Go Orange.
One Direction-More Than This Stats
Can you name the lyrics to one directions more than this?
By
jenny37
7m
300 Questions
11.6K Plays
11,576 Plays
11,576 Plays
Comments
Comments
Give Quiz Kudos
Give Quiz Kudos
-
- Ratings
hide this ad
Replay
Link that replays current quiz
Next Quiz
Link to next quiz in quiz playlist
You Got
0%
They Got
Avg Score
88%
Avg Friend Score
Upgrade to see
Score Distribution
Jump to the score distribution portion of the page
Score
0/300
Timer
07:00
0
Plays Today
% Correct
I
99.4%
I
99.4%
I
99.4%
I
99.4%
I
99.4%
I
99.4%
I
99.4%
I
99.4%
I
99.4%
I
99.4%
I
99.4%
I
99.4%
I
99.4%
I
99.4%
I
99.4%
I
99.4%
you
98.6%
you
98.6%
you
98.6%
you
98.6%
you
98.6%
you
98.6%
you
98.6%
you
98.6%
you
98.6%
you
98.6%
You
98.6%
you
98.6%
you
98.6%
you
98.6%
you
98.6%
you
98.6%
you
98.6%
you
98.6%
you
98.6%
you
98.6%
you
98.6%
you
98.6%
you
98.6%
you
98.6%
you
98.6%
And
98.4%
the
98.4%
the
98.4%
and
98.4%
and
98.4%
and
98.4%
the
98.4%
And
98.4%
the
98.4%
and
98.4%
the
98.4%
a
98.4%
And
98.4%
the
98.4%
the
98.4%
and
98.4%
he
96.3%
he
96.3%
he
96.3%
he
96.3%
he
96.3%
he
96.3%
do
95.8%
more
94.9%
more
94.9%
more
94.9%
more
94.9%
more
94.9%
more
94.9%
more
94.9%
more
94.9%
this
94.8%
this
94.8%
this
94.8%
this
94.8%
this
94.8%
this
94.8%
this
94.8%
than
94.5%
than
94.5%
than
94.5%
than
94.5%
than
94.5%
than
94.5%
than
94.5%
than
94.5%
can
94.2%
can
94.2%
Can
94.2%
can
94.2%
can
94.2%
can
94.2%
can
94.2%
can
94.2%
me
94.2%
me
94.2%
me
94.2%
me
94.2%
Im
93.8%
% Correct
Im
93.8%
Im
93.8%
Im
93.8%
im
93.8%
im
93.8%
im
93.8%
in
93.7%
in
93.7%
In
93.7%
love
93.4%
love
93.4%
love
93.4%
love
93.4%
love
93.4%
love
93.4%
love
93.4%
love
93.4%
cause
93%
Cause
93%
Cause
93%
Cause
93%
Cause
93%
Cause
93%
Cause
93%
Cause
93%
Cause
93%
Cause
93%
When
92.1%
When
92.1%
When
92.1%
When
92.1%
When
92.1%
When
92.1%
When
92.1%
just
91.9%
just
91.9%
just
91.9%
just
91.9%
just
91.9%
just
91.9%
just
91.9%
just
91.9%
just
91.9%
just
91.9%
see
91.9%
see
91.9%
see
91.9%
see
91.9%
hear
91.4%
to
91.3%
to
91.3%
to
91.3%
to
91.3%
arms
90.5%
arms
90.5%
arms
90.5%
arms
90.5%
arms
90.5%
arms
90.5%
It
90.4%
It
90.4%
It
90.4%
It
90.4%
It
90.4%
It
90.4%
feel
90.1%
feel
90.1%
feel
90.1%
feel
90.1%
feel
90.1%
feel
90.1%
are
89.9%
are
89.9%
right
89.5%
right
89.5%
right
89.5%
right
89.5%
right
89.5%
right
89.5%
My
88.9%
my
88.9%
My
88.9%
my
88.9%
my
88.9%
his
88.5%
his
88.5%
his
88.5%
his
88.5%
close
88.2%
close
88.2%
close
88.2%
close
88.2%
broken
87.8%
tonight
87.7%
tonight
87.7%
tonight
87.7%
tonight
87.7%
down
87.3%
down
87.3%
down
87.3%
% Correct
down
87.3%
your
87.1%
your
87.1%
your
87.1%
lay
86.9%
pray
86.9%
holds
86.5%
holds
86.5%
holds
86.5%
opens
85.4%
opens
85.4%
opens
85.4%
everything
85.2%
inside
84.8%
inside
84.8%
inside
84.8%
inside
84.8%
wont
84.5%
wont
84.5%
wont
84.5%
die
83.9%
die
83.9%
die
83.9%
alone
83.9%
Prayin'
83.2%
dont
83.1%
dont
83.1%
dont
83.1%
that
82.9%
that
82.9%
Yeah
82.7%
Yeah
82.7%
Yeah
82.7%
eyes
82.7%
eyes
82.7%
dancing
82.7%
we
82.3%
will
82.1%
will
82.1%
might
81.5%
might
81.5%
might
81.5%
turn
81.2%
blinded
81%
lays
80.8%
lays
80.8%
lays
80.8%
say
80.6%
say
80.6%
cant
80.4%
as
80.2%
as
80.2%
door
79.4%
If
79.2%
heart
78.8%
louder
78.7%
walk
78.6%
look
78.2%
around
78.2%
would
77.6%
Would
77.6%
on
77.6%
on
77.6%
same
76.9%
rescue
76.8%
floor
76.8%
up
76.1%
face
75.3%
street
74%
praying
72.8%
head
72.3%
knees
72.1%
save
72%
turns
71.9%
leave
71.1%
its
69.3%
weak
69.1%
body
69%
again
67.7%
gone
67%
get
67%
then
64%
But
62.5%
light
62.2%
fails
59.9%
For
59.5%
stay
59.5%
words
59.1%
little
59%
while
58.6%
now
58.2%
asking
57.9%
never
57.4%
stars
56.1%
shining
56%
had
55.9%
from
55.5%
above
54.8%
Ive
53%
Thats
52.3%
Quiz Playlist
Details
Report
Send in Message
Add To Playlist
Classic:
Type in answers that appear in a list
Last Updated: Feb 16, 2017
Quiz Scoreboard
CHALLENGE
Sign Up to Join the Scoreboard
Show All
Scores
Hide
Comments
May contain spoilers
Recently Published
Alphabetical 'K' Countries by Flag Minefield
by ylime102
Geography
3m
Pick 6: Fruits
by JohnFran
Miscellaneous
15s
Click the 1999 NBA Draft
by nibperrychub
Sports
2m
More to Explore
Quiz From the Vault
Featured Blog Post
15 Basketball Trivia Facts You Can Be March Mad About
hide this ad
You Might Also Like...
Tags
direction
One Direction
Today's Top Quizzes in Music
Browse Music
hide this ad
Today's Top Quizzes in direction
Browse direction
Top Contributed Quizzes in Music
1
Taylor Swift All Songs (2024)
2
A Taylor Swift Logic Puzzle
3
KPOP LOGIC QUIZ
4
Taylor Swift Logic Puzzle
5
NCT 2020 Logic Puzzle
6
Guess the Taylor Swift song (Mystery Song)
7
Joni Mitchell—'Car on a Hill' Lyrics
8
Guess The Taylor Swift Lyrics Song #1
9
Lana Del Rey songs - match the song with the album
10
kpop group name match up
Explore More
Trending Topics
Marvel
Anime
Kpop
Crossword
Harry Potter
NBA
Disney
WWE
Song
Pokémon
The Office
Country
Puzzle
NFL
Soccer
hide this ad
More By:
jenny37
Quiz
Plays
Rating
Category
Featured
Created
One Direction-More Than This
11,576
4.00
Music
Feb 7, 2012
One Direction-Tell Me A Lie
4,085
3.56
Music
Feb 25, 2012
One Direction-I Want
1,563
3.00
Music
May 10, 2012
Fresh Prince Of Bel-air Lyrics
1,295
3.56
Television
Oct 12, 2010
Mario Kart Wii
954
3.44
Gaming
Aug 4, 2010
Go to Creator's Profile
Score Distribution
Quiz Creator Spotlight
jenny37
Follow
Send a Message
Quizzes Created
-
Created Quiz Play Count
-
More By This Creator
Popular Quizzes Today
1
Find the US States - No Outlines Minefield
2
Countries of Asia Without Outlines Minefield
3
Pick 6: Fruits
4
The Countries of the World
5
Alphabetical 'K' Countries by Flag Minefield
6
Click the 1999 NBA Draft
7
Find the US States
8
Match the Book to the Film X
More Music Quizzes
EXO most viewed MVs (Aug 2016)
Quiz Lab
Trending Quizzes
Pick 6: Harry Potter
Pick 6: Mountains
Pick 6: NFL Teams
Pick 6: Movie Franchises
Pick 6: Golfers
Recently Updated
Women's Final Four Teams by Year
bhenderson79
Presidents Quartet II
eogle
Anything But Clue(do)
eogle
Anything But Oceanian Capitals
eogle
Anything But 7
eogle
Anything But Thing
eogle
Word Ladder: February 29
pecheneg
Song Title Questions
pecheneg
Women's NCAA Tournament #1 Seeds
pecheneg
Celebrity Mug Shots
pecheneg
Trending Topics
Marvel
Kpop
Harry Potter
Disney
Crossword
NBA
Anime
Song
WWE
Puzzle
Pokémon
Country
The Office
NFL
Soccer
Your Account Isn't Verified!
In order to create a playlist on Sporcle, you need to verify the email address you used during registration. Go to your
Sporcle Settings
to finish the process.
Report this User
Report this user for behavior that violates our
Community Guidelines
.
Details:
Send Report
Go to the Sporcle.com Mobile Site →
Comments